000 00772nam a2200229 a 4500
999 _c11308
_d11308
001 11308
003 BD-JhCC
005 20220814134022.0
008 190624s20112018bg a|||| ||a| 000 0 ben d
020 _a9847016201455
035 _a(BD-JhCC)11308
040 _aBD-JhCC
_dBD-JhCC
041 _aben
082 _a891.4435
_bIQB 2018
100 _aইকবাল, মুহম্মদ জাফর
245 _aভূতের বাচ্চা কটকটি /
_cমুহম্মদ জাফর ইকবাল ।
260 _aঢাকা:
_bপার্ল পাবলিকেশন্স;
_c২০১৮.
300 _a২৭ পৃ. :
_bill;
_c২৬ সেমি.
650 _aShorts Story
_zBengali
942 _2ddc
_cBK
_01